00426 a2200121 4500020001500000082001400015100001600029245006000045260004600105300002900151500001900180650010500199 a0195790677 a297.63092 aAfzal Iqbal aThe life and work of Jalaluddin RumicAfzal IqbalhBook aKarachi :bOxford University Pressc1991. axxviii, 330 p. ;c24 cm. aIncludes Index a1.Jalal ud Din Rumi, Maulana, 1207-1273. 2.Meleviyeh members--Biography.3.Poets, Persian--Biography.